=LDR 00000nam 2200000 4500 =001 INLIS000000000026553 =005 20130612125005 =008 ***********************************Ind** =035 ##$$0010-061300000026553 =041 ##$$a Ind =082 ##$$a 320 =090 ##$$a 320, Rud p =100 ##$$a Rudy, May T =245 ##$$a Pengantar ilmu politik, Wawasan pemikiran dan kegunaannya, T. May Rudy ; Editor H. Lili Rasjidi =260 ##$$a 2003 $b Bandung =300 ##$$a Vii, 117 hlm, 21 cm =650 ##$$a Politik-ilmu =710 ##$$a Rasjidi, Lili =850 ##$$a NBPNMAT =990 ##$$a 0001/BPAP-NTB/2016 =990 ##$$a 0001/BPAP-NTB/2016 =990 ##$$a 0001/BPAP-NTB/2016